[Event "K41 Foraars EMT Basisklassen 2008"]
[Site "Valby"]
[Date "2008.05.06"]
[Round "6"]
[White "Hansen, John Laurids"]
[Black "Eiholt, Bjarne"]
[Result "1/2-1/2"]
[WhiteElo "1636"]
[BlackElo "1331"]
[PlyCount "70"]
[EventDate "2008.??.??"]

1. e4 c6 2. d4 d5 3. Nc3 dxe4 4. Nxe4 Bf5 5. Ng3 Bg6 6. h4 h6 7. Nf3 Nd7 8. h5
Bh7 9. Bd3 Bxd3 10. Qxd3 Ngf6 11. Bd2 e6 12. O-O-O Bd6 13. Ne4 Nxe4 14. Qxe4
Nf6 15. Qe2 Qc7 16. Ne5 O-O-O 17. Kb1 Rhf8 18. Rhe1 Nd7 19. Nc4 Bf4 20. Bb4 c5
21. dxc5 Nxc5 22. g3 Bg5 23. Qe5 Qxe5 24. Nxe5 Be7 25. Rxd8+ Rxd8 26. Bc3 Ne4
27. Ba5 Rd5 28. Nxf7 Rxa5 29. Rxe4 Rxh5 30. a3 Rf5 31. Ne5 Rxf2 32. Ng6 Bf6 33.
Rxe6 Kd7 34. Re3 Rd2 35. Nf8+ Kc6 1/2-1/2

[Event "K41 Foraars EMT Basisklassen 2008"]
[Site "Valby"]
[Date "2008.05.06"]
[Round "6"]
[White "Mikkelsen, Henning Peter"]
[Black "Nielsen, Soren Skovso"]
[Result "0-1"]
[WhiteElo "1357"]
[BlackElo "1600"]
[PlyCount "106"]
[EventDate "2008.??.??"]

1. Nf3 Nc6 2. b3 e6 3. Bb2 Nf6 4. e3 d5 5. Be2 Be7 6. O-O a6 7. c4 b6 8. d3 Bb7
9. Nbd2 O-O 10. a3 Bd6 11. h3 Qe7 12. Qc2 Rfe8 13. Rfe1 Nb8 14. Rac1 Bxa3 15.
Nf1 Bxb2 16. Qxb2 Nc6 17. Ng3 Rad8 18. cxd5 Nxd5 19. Rc4 Nf6 20. Rh4 h6 21. Nh2
Nb4 22. Rd1 Rd7 23. Ng4 Nxg4 24. Rxg4 f5 25. Rg6 Kh7 26. Bh5 Nxd3 27. Rxd3 Rxd3
28. Qe5 Rd5 29. Qf4 Rf8 30. Qf3 c5 31. Kh2 Rd2 32. Qf4 Bc6 33. e4 Rd4 34. Qe5
Rf6 35. exf5 Qd6 36. f4 Qxe5 37. fxe5 Rxg6 38. Bxg6+ Kg8 39. fxe6 Kf8 40. Nf5
Rd2 41. e7+ Kg8 42. e8=Q+ Bxe8 43. Bxe8 Re2 44. Nd6 Rxe5 45. Bf7+ Kf8 46. Bc4
b5 47. Bf1 Ke7 48. Nb7 Kd7 49. Na5 Kc7 50. Bd3 Kb6 51. b4 cxb4 52. Nb3 a5 53.
Kg1 a4 0-1

[Event "K41 Foraars EMT Basisklassen 2008"]
[Site "Valby"]
[Date "2008.05.06"]
[Round "6"]
[White "Petersen, Jan Han Il Nam"]
[Black "Hou, Mads"]
[Result "0-1"]
[WhiteElo "1610"]
[BlackElo "1564"]
[PlyCount "58"]
[EventDate "2008.??.??"]

1. e4 e5 2. Nf3 Nf6 3. d3 Nc6 4. c3 d5 5. Nbd2 dxe4 6. dxe4 Bc5 7. Be2 O-O 8.
O-O Bg4 9. Qc2 Qe7 10. Re1 a5 11. a4 Rfd8 12. h3 Bh5 13. Nf1 Rd6 14. Ng3 Bg6
15. Bc4 Rad8 16. Bg5 h6 17. Nh4 Kh7 18. Nhf5 hxg5 19. Nxe7 Rd2 20. Qb3 Bxf2+
21. Kh2 Nxe7 22. Rf1 Nxe4 23. Nxe4 Bxe4 24. Rxf2 Rxf2 25. Rg1 Rdd2 26. Qa3
Rxg2+ 27. Rxg2 Rxg2+ 28. Kh1 Nf5 29. Bd3 Ng3# 0-1

[Event "K41 Foraars EMT Basisklassen 2008"]
[Site "Valby"]
[Date "2008.05.13"]
[Round "7"]
[White "Hansen, Soren Otto"]
[Black "Kristensen, Steffen Michael"]
[Result "1/2-1/2"]
[WhiteElo "1557"]
[BlackElo "1139"]
[PlyCount "66"]
[EventDate "2008.??.??"]

1. e4 e5 2. Nf3 Nc6 3. Bb5 a6 4. Ba4 Bc5 5. O-O b5 6. Bb3 Nf6 7. c3 O-O 8. d4
exd4 9. cxd4 Be7 10. d5 Na5 11. Bc2 d6 12. Nc3 h6 13. b3 c5 14. dxc6 Nxc6 15.
Bb2 Bg4 16. Qd3 Nb4 17. Qd2 Nxc2 18. Qxc2 Bxf3 19. gxf3 Rc8 20. Qd2 Qd7 21. Ne2
Qh3 22. Ng3 Rc5 23. Kh1 Nh5 24. Rg1 Rg5 25. Rg2 Nxg3+ 26. fxg3 Rc8 27. Ba3 Bf6
28. Rd1 Rc3 29. Rf1 Be5 30. Bxd6 Bxg3 31. Bxg3 Rxg3 32. Rxg3 Qxf1+ 33. Rg1
Qxf3+ 1/2-1/2

[Event "K41 Foraars EMT Basisklassen 2008"]
[Site "Valby"]
[Date "2008.05.13"]
[Round "7"]
[White "Hou, Mads"]
[Black "Mikkelsen, Henning Peter"]
[Result "0-1"]
[WhiteElo "1564"]
[BlackElo "1357"]
[PlyCount "78"]
[EventDate "2008.??.??"]

1. e4 e5 2. Nf3 Nc6 3. Bc4 Nf6 4. O-O h6 5. d4 exd4 6. Nxd4 Ne5 7. Bb3 Bc5 8.
Nc3 c6 9. Bf4 Ng6 10. Bg3 O-O 11. e5 Nh7 12. Ne4 Be7 13. Nf5 d5 14. Nxe7+ Qxe7
15. Nd6 Be6 16. f4 f5 17. Qh5 Nh8 18. Bh4 Qd7 19. Rf3 Nf7 20. Rg3 Nxd6 21. exd6
Kh8 22. Be7 Rf7 23. Rg6 Rg8 24. Re1 Nf6 25. Rxh6+ gxh6 26. Qxh6+ Nh7 27. Rxe6
Rgg7 28. c3 Kg8 29. Bd1 Nf8 30. Rf6 Rxe7 31. dxe7 Qxe7 32. Kf1 Qe4 33. Bh5
Qxg2+ 34. Ke1 Qg1+ 35. Kd2 Qg2+ 36. Kc1 Qg1+ 37. Kc2 Rg2+ 38. Kb3 Qb6+ 39. Ka4
Qb5+ 0-1

[Event "K41 Foraars EMT Basisklassen 2008"]
[Site "Valby"]
[Date "2008.05.13"]
[Round "7"]
[White "Krogh, Soren"]
[Black "Hansen, John Laurids"]
[Result "0-1"]
[WhiteElo "1173"]
[BlackElo "1636"]
[PlyCount "40"]
[EventDate "2008.??.??"]

1. Nf3 d5 2. c4 Nf6 3. d4 g6 4. Nc3 Bg7 5. Bg5 c6 6. e3 Nbd7 7. cxd5 Nxd5 8.
Bd3 N7f6 9. Ne5 O-O 10. O-O Nxc3 11. bxc3 Nd5 12. Nc4 Nxc3 13. Qc2 Nd5 14. a3
Re8 15. Rad1 Bg4 16. Rd2 Nb6 17. Na5 Qc7 18. Rb1 Rad8 19. a4 Rd5 20. Nc4 Rxg5
0-1

[Event "K41 Foraars EMT Basisklassen 2008"]
[Site "Valby"]
[Date "2008.05.13"]
[Round "7"]
[White "Nielsen, Soren Skovso"]
[Black "Abildgaard, Kenneth"]
[Result "0-1"]
[WhiteElo "1600"]
[BlackElo "1617"]
[PlyCount "116"]
[EventDate "2008.??.??"]

1. Nf3 b6 2. c4 Bb7 3. e3 e6 4. d4 d5 5. Nbd2 Nf6 6. Be2 Be7 7. O-O O-O 8. Qc2
c5 9. dxc5 Bxc5 10. Nb3 Bd6 11. Bd3 dxc4 12. Bxc4 Bxf3 13. gxf3 Qc7 14. h3 Rc8
15. Qd3 Bb4 16. Ba6 Rd8 17. Qb5 Nxa6 18. Qxa6 Qe5 19. f4 Qh5 20. Kg2 Qd5+ 21.
f3 b5 22. Nd4 Rdb8 23. Qc6 Rb6 24. Qc2 Rd8 25. Qb3 Bc5 26. Qxd5 Nxd5 27. Nc2
Rc6 28. a3 a5 29. e4 Nb6 30. b4 Bxb4 31. Nxb4 axb4 32. axb4 Na4 33. Be3 Rc3 34.
Rfd1 Rdc8 35. Bg1 R3c4 36. Rdb1 Kf8 37. h4 Rc2+ 38. Kh3 h5 39. Ra3 Ke7 40. Rab3
R8c4 41. Rd3 Nc3 42. Rb3 Ne2 43. Be3 Kf6 44. Rd2 Nc1 45. Rxc2 Nxb3 46. Rb2 Rc3
47. e5+ Kf5 48. Re2 Nc1 49. Re1 Nd3 50. Rg1 Nxf4+ 51. Kh2 Kxe5 52. Re1 Rc2+ 53.
Kh1 Nd3 54. Rg1 Nf2+ 55. Bxf2 Rxf2 56. Rg5+ f5 57. Rxh5 Rxf3 58. Rh8 Rb3 0-1